|
|
|
|
| LEADER |
00000cam a2200000 a 4500 |
| 001 |
4074-3 |
| 003 |
Ucuenca |
| 005 |
20230308172727.0 |
| 008 |
000000|1882 ||||||||r|||||||||||spa|| |
| 040 |
|
|
|b spa
|
| 041 |
0 |
|
|a spa
|
| 082 |
0 |
|
|a 398.46
|
| 100 |
1 |
|
|a Rodríguez Marín, Francisco
|9 13578
|
| 245 |
|
|
|a Cantos populares españoles, recogidos, ordenados e ilustrados
|c Francisco Rodríguez Marín
|h imp
|n tomo 3
|
| 264 |
|
|
|a Sevilla
|b Francisco Alvarez
|c 1882
|
| 300 |
|
|
|a 510 páginas:
|c 18 cm
|
| 650 |
1 |
|
|a Cantos populares españoles
|9 13579
|
| 852 |
|
|
|a UC-CDJBV
|f Compra
|l 1
|m Limitada
|p 00000000
|t 4074-3
|b 1
|d CDRC
|e CDRC
|g 398.46 ESTANTERIA CERRADA
|z 0000-00-00
|
| 942 |
|
|
|c BK
|
| 999 |
|
|
|c 40784
|d 40784
|